• 首页
  • 本馆介绍
  • 公告通知
  • 最新文献
  • 馆藏检索
  • 电子资源
  • 读者导购
  • 参考咨询
  • 我的图书馆
  • 登录
  • 详细信息显示
  • 放入我的书架
  • 预约/预借图书
  • 作者相关作品
  • 分类相关作品
  • 丛书相关作品
  • 出版社相关作品

书目信息

  • 表格格式
  • 工作单格式
  • 卡片格式
书名: The blue fairy book
作者:
分册号:
分册名:
出版地: New York :
 
出版社: Airmont Pub. Co., Inc
出版时间: 1969.
页数: 383 p.
开本:
丛书名:
中图分类号:
科图分类号:
其他分类号: H319.4
主题词:
电子资源:
000 00481nam 2200181 a 4500
001 E0739956886
005 20070227110937.62
008 uu
040    @aNLC
049    @aN5LA
090    @aH319.4
096    @aI18 @v2
099    @dH319.4@ex256
245 04 @aThe blue fairy book
260    @aNew York :@bAirmont Pub. Co., Inc.,@c1969.
300    @a383 p.
700 1  @aLang, Andrew, @eed. @b00 @c20020930 @lNLC09 @h2245 @lNLC09 @h2247 @lNLC09 @h1838
852 9  @bWWJC @cJ08S @k2 @hI18 @iLA
    
    The blue fairy book.-New York : : Airmont Pub. Co., Inc., , 1969.
    383 p.
    
    
    ISBN
    
●
相关链接 在E读中查询图书 在五车中查询图书 在当当中查询图书 在豆瓣中查询图书


正题名:blue fairy book     索取号:H319.4/x256         预约/预借

序号 登录号 条形码 馆藏地/架位号 状态 备注
1 123626   001428725   第四借阅区/ [索取号:H319.4/x256] 在馆    
2 123627   001428752   第四借阅区/ [索取号:H319.4/x256] 在馆    
3 123630   001428798   第二样本阅览室/ [索取号:H319.4/x256] 在馆    
唐山师范学院图书馆 欢迎您!
大连网信软件有限公司© 版权所有